000 00375nam a2200145Ia 4500
008 230312s9999||||xx |||||||||||||| ||und||
082 _a686.209
_bSTU-A
100 _aStulz;Roland
245 0 _aAppropriate Building Materials
260 _bSkat Publications
_aSwitzerland
_c1988
300 _a433
546 _aEng.
650 _aArchitecture
_vBuilding meterials
942 _cBK
999 _c6914
_d6914